Mestský úrad informuje správa o činnosti oddelenia prípravy investícií, územného plánu a verejného obstarávania MsÚ Krompachy za rok 2011

Bibliographic Details
Main Author: Čupajová, Anna (Author)
Format: Article
Language:Slovak
Subjects:

MARC

LEADER 00000nab a2200000 ar4500
001 vtls010515453
003 SK-MaSNL
005 20260305030925.0
008 130530c2012 xo mr|p|||||||000 b|slo
038 |a SNSK 
040 |b slo  |c SNSK  |e AACR2 
041 |a slo 
044 |a xo  |c SK 
080 |a 351.71  |x "2011"  |2 2001 
080 |a 352  |x (437.67)  |2 2001 
080 |a 330.322  |x "2011"  |2 2001 
100 1 |a Čupajová, Anna  |4 aut  |9 1608391 
245 1 0 |a Mestský úrad informuje  |b správa o činnosti oddelenia prípravy investícií, územného plánu a verejného obstarávania MsÚ Krompachy za rok 2011  |c Anna Čupajová 
610 1 7 |a Krompachy (Slovensko).  |b Mestský úrad  |2 snsk 
648 7 |a 2011  |2 snsk  |9 328311 
650 0 7 |a územné plány  |2 snsk  |9 302481 
650 0 7 |a verejné obstarávanie  |2 snsk  |9 4221 
650 0 7 |a investície  |2 snsk  |9 2292 
651 7 |a Krompachy (Slovensko)  |2 snsk  |9 43389 
651 7 |a Spišská Nová Ves (Slovensko : okres)  |2 snsk  |9 22259 
773 0 |t Krompašský spravodajca  |g Roč. XXII., č. február (2012), s. 2-3 
852 |a SNSK  |b KIS3GCP 
999 |c 3313713  |d 3315643